|
|
|
|
| LEADER |
00874nam a2200241 i 4500 |
| 001 |
c000249196 |
| 003 |
CARM |
| 005 |
00000000000000.0 |
| 008 |
840410s1963 xx 0 eng d |
| 019 |
1 |
|
|a 4186008
|z 22005217
|z 41554652
|5 LACONCORD2021
|
| 035 |
|
|
|a (OCoLC)70408073
|5 LACONCORD2021
|
| 082 |
0 |
4 |
|a 192
|
| 100 |
1 |
|
|a Wisdom, J. O.
|q (John Oulton)
|
| 245 |
1 |
0 |
|a Problems of mind and matter.
|
| 250 |
|
|
|a [Paperback ed.].
|
| 260 |
|
|
|a Cambridge :
|b University Press,
|c 1963.
|
| 300 |
|
|
|a 214 p.
|
| 500 |
|
|
|a First published 1934. Reprinted with new pref. by author.
|
| 650 |
|
0 |
|a Mind and body.
|
| 650 |
|
0 |
|a Knowledge, Theory of.
|
| 852 |
8 |
|
|b CARM
|h A2:AQ04A0
|i A04002
|p 0322310
|f BK
|
| 999 |
f |
f |
|i 78a34fea-3cae-5dca-b52d-1e6eec9e0431
|s 34c852ba-8d16-5a64-87c4-d51b640fd77f
|
| 952 |
f |
f |
|p Can circulate
|a CAVAL
|b CAVAL
|c CAVAL
|d CARM 1 Store
|e A04002
|f A2:AQ04A0
|h Other scheme
|i book
|m 0322310
|